Biblioteca

Los derechos de la mujer y los derechos humanos : (Registro nro. 49919)

Detalles MARC
000 -LÍDER
Campo fijo de descripción fija 01040aab a2200205 i 4500
001 - NÚMERO DE CONTROL
Campo de control 768714001
003 - IDENTIFICADOR DEL NÚMERO DE CONTROL
Campo de control CO-MdFUSB
005 - FECHA Y HORA DE LA ULTIMA TRANSACCIÓN
control field 20230508155418.0
008 - ELEMENTOS DE LONGITUD FIJA -- INFORMACIÓN GENERAL
Campo fijo de descripción fija -- Información general 221104s2002 sp ||||| |||| 00| 0 spa d
040 ## - FUENTE DE CATALOGACIÓN
Idioma de catalogación spa
Agencia que realiza la transcripción CO-MdFUSB
Agencia que realiza la modificación CO-MdFUSB
041 ## - CÓDIGO DE IDIOMA
Código de idioma para texto/pista de sonido o título separado spa
100 1# - ASIENTO PRINCIPAL--NOMBRE PERSONAL
Nombre personal Kirkley, Evelyn A.
Término relacionador autor
245 10 - TÍTULO
Título Los derechos de la mujer y los derechos humanos :
Subtitulo logros y contradicciones
Mención de responsabilidad / Evelyn A. Kirkley
300 ## - DESCRIPCIÓN FÍSICA
Extensión Número 298 (2002), Páginas 9 - 21
Dimensiones ; 21 cm
520 ## - NOTA DE RESUMEN, ETC.
Nota de sumario, etc. Presento a continuación una lista, que no pretende ser exhaustiva, de los "diez máximos" logros conseguidos por el movimiento de los derechos de la mujer en la historia del cristianismo y las contradicciones que han provocado. Se trata de instantáneas de individuos y grupos que han revolucionado el cristianismo presentado los derechos de la mujer como derechos humanos.
650 #7 - ASIENTO SECUNDARIO DE MATERIA - TERMINO TEMÁTICO
9 (RLIN) 296
Término temático o nombre geográfico como elemento de entrada Derechos humanos
650 #7 - ASIENTO SECUNDARIO DE MATERIA - TERMINO TEMÁTICO
9 (RLIN) 325
Término temático o nombre geográfico como elemento de entrada Mujeres
Subdivisión general Derechos
773 0# - ASIENTO DE ITEM FUENTE
Título Concilium
Biblionumber 49450
Itemnumber 60415
Parte(s) relacionada(s) / Volumen., número. (mes año), páginas Número 298 (2002), Páginas 9 - 21
Enumeración y primera página Páginas 9
942 ## - TIPO DE MATERIAL (KOHA)
Tipo de Item KOHA Artículos de Revista

No hay ítems disponibles.

Biblioteca FUSBC | Teléfono: (57+4) 349 88 10 Ext. 141| WhatsApp (+57) 3005338115 
E-mail: biblioteca@unisbc.edu.co | Calle 76 87-14 Robledo Palenque, Medellín, Colombia

Con tecnología Koha